000 00373nam a2200145 i 4500
001 96382
003 ES-MaACL
007 t|
008 050616s1929 it ||||1| ita d
100 1 _aMaione, Italo.
_975606
245 1 0 _aKleist /
_cItalo Maione.
260 _aTorino :
_bGiovanni Chiantore,
_c1929.
300 _a174 p. ;
_c19 cm.
852 _aES-MaACL
_jG-1827
_bR.20859
999 _c96382
_d96382